| 000 | 00616nam a22001817a 4500 | ||
|---|---|---|---|
| 003 | 0 | ||
| 005 | 20160609165232.0 | ||
| 008 | 091207t xxu||||| |||| 00| 0 eng d | ||
| 037 |
_aM15363 _bBIBLIO-EPAC |
||
| 040 |
_aUAC/EPAC _bF _cBIBLIO EPAC |
||
| 082 | _a27.APE/AGB R. | ||
| 100 |
_aRalph A. H. AGBZAGAN _92428 |
||
| 245 | _aContraintes liées à la mise en oeuvre des annexes V et VI de la convention Marpol 73/78 pour la prévention de la pollution par les navires | ||
| 260 |
_aEPAC _bBIBLIO EPAC _c2007-2008 |
||
| 300 |
_aI- 38p _c29cm |
||
| 650 |
_aAMENAGEMENT PROTECTION ENVIRONNEMENT _92429 |
||
| 942 | _cTHE | ||
| 999 |
_c46614 _d46614 |
||